000 00628nam a22002057a 4500
005 20160920170145.0
010 _aENG-116048
020 _a139789352602605
_c650.00
035 _aEN-99580
037 _bDBAD/PUB
082 _a332.632
100 _aPring, Martin J.
245 _aMartin pring's introduction to technical analysis/
_cby Martin J. Pring
250 _a2nd edition
260 _aNoida
_bMcGraw Hill Education
_c2016
270 _aB-4, Sector-63, Dist. Gautam Budh Nagar
_bNoida(up)
_e201301
300 _a309 p. :
_c25cm(pbk)
500 _aIncludes index
942 _2ddc
_cEN
_h332.632
_mPRI
999 _c103447
_d103447